'Rent' Opening Dialogues Quiz Stats

 Plays Quiz not verified by Sporcle

Also try: Disney Zoology
Challenge
Share
Tweet
Embed
Score 0/197 Timer 08:00
0 Plays Today
% Correct
I
96.3%
I
96.3%
I
96.3%
I
96.3%
a
95.8%
a
95.8%
a
95.8%
a
95.8%
a
95.8%
He
91.8%
you
91.6%
you
91.6%
you
91.6%
you
91.6%
you,
91.6%
you
91.6%
you
91.6%
you
91.6%
you.
91.6%
it,
91.5%
it
91.5%
the
91.3%
the
91.3%
The
91.3%
the
91.3%
the
91.3%
the
91.3%
the
91.3%
the
91.3%
on
91.1%
on
91.1%
on,
91.1%
in,
90.6%
in
90.6%
in
90.6%
in
90.6%
her
89.5%
we
89%
We
89%
We
89%
we
89%
here
87.7%
here,
87.7%
Mark.
87.4%
Mark,
87.4%
Mark
87.4%
'Are
87%
Are
87%
are
87%
Are
87%
are
87%
be
87%
are
87%
So
86.9%
So
86.9%
From
86.8%
From
86.8%
to
86.5%
to
86.5%
to
86.5%
of
86.1%
of
86.1%
of
86.1%
Roger
85.9%
Roger
85.9%
your
85.6%
% Correct
if
85.5%
if
85.5%
without
85.1%
mom.
84.6%
mom.
84.6%
script
84.5%
December
84.4%
It's
84%
there?
83.8%
There
83.8%
that
83.7%
That
83.7%
that
83.7%
shoot
83.6%
and
83.5%
and
83.5%
and
83.5%
and
83.5%
Time
83.3%
hear
82.6%
hear
82.6%
love
82.4%
love.
82.4%
Love
82.4%
24th,
82.2%
Eastern
81.9%
my
81.9%
'This
81.9%
this
81.9%
Standard
81.4%
See
81.3%
9
81.1%
pm
81%
just
80.9%
call
80.9%
Just
80.9%
say
80.3%
say
80.3%
guitar
80.1%
is
80%
don't
79.9%
don't
79.9%
s***
79.5%
comes
78.9%
anything
78.8%
'I'm
78.8%
let
78.7%
old
78.6%
me?'
78.6%
year
78.5%
year
78.5%
Maureen
78.5%
lesbian.
78.3%
screen.
78.2%
instead
77.9%
at
77.8%
at
77.8%
calls?
77.3%
screening
77.2%
know
76.8%
when
76.8%
hasn't
76.6%
what
76.6%
dumped
76.6%
played
76.2%
leave
76.2%
% Correct
leave
76.2%
Not
76%
Zoom
76%
Tuning
75.9%
phone
75.9%
sorry
75.9%
la
75.8%
Fender
75.8%
one
75.5%
rings
75.1%
we're
75.1%
sea.
75%
beep.
74.8%
wanted
74.8%
all
74.6%
plate
74.5%
was
74.4%
hot
74.4%
song.'
74.2%
vie.
74%
won't
73.9%
answering
73.8%
tune.'
73.8%
machine.
73.8%
you're
73.6%
their
73.6%
Oh,
73.3%
Oh
73.3%
home
73.1%
send
72.9%
First
72.8%
writing
72.7%
house.
72.7%
other
72.6%
kids
72.4%
hope
72.3%
shot,
72.2%
Tell
71.9%
very
71.9%
fishies
71.9%
great
71.8%
back
71.7%
working,
71.7%
loud
71.6%
even
71.6%
miss
71.6%
like
71.4%
doing
71.4%
dear,
71.2%
talking
71.1%
folks
69.6%
He's
69.4%
half
69.2%
we'll
68.9%
Hold
66.4%
steady
66%
focus,
65.9%
ready?
65.8%
tomorrow.
65.4%
Speak!
64.3%
coming
64%
Cindy
64%
c'est
62.7%
withdrawal
60.7%
'Saved!'
57.5%

You're not logged in!

Compare scores with friends on all Sporcle quizzes.
Join for Free
OR
Log In

You Might Also Like...

Show Comments

Extras

Created Jan 4, 2012ReportNominate
Tags:dialogue, mail, rent, tune, voice

Top Quizzes Today


Score Distribution

Your Account Isn't Verified!

In order to create a playlist on Sporcle, you need to verify the email address you used during registration. Go to your Sporcle Settings to finish the process.

Report this User

Report this user for behavior that violates our Community Guidelines.

Details: